[Event "Championnat 13"]
[Site "Vitrolles"]
[Date "2013.03.09"]
[Round "8"]
[White "Montanelli, Tristan"]
[Black "Valette, Patrick"]
[Result "1/2-1/2"]
[WhiteElo "1678"]
[BlackElo "1780"]
[Annotator "Gozzoli,Y"]
[PlyCount "133"]
[EventDate "2012.??.??"]
[EventType "swiss"]
[EventRounds "6"]
[EventCountry "FRA"]
[SourceDate "2005.09.12"]

1. c4 b6 2. d4 e6 {La Défense Owen ! Spécialité des GMI anglais et plus
particulièrement de Nigel Short ! On peut aussi noter Morozevich et Christian
Bauer parmi ses plus fidèles adeptes !} 3. Nc3 $6 {Je n'aime pas trop ce coup
qui montre surtout que les Blancs ne savent pas encore sur quel pied ils vont
danser. Ils doivent décider maintenant si ils vont pousser e2-d4 ou pas pour
pouvoir le jouer dans les meilleures conditions.} (3. e4 $1 Bb7 4. Bd3 f5 (4...
Nc6 5. Ne2 Nb4 {est une autre possibilité moins "violente".}) 5. exf5 Bb4+ 6.
Kf1 {est la ligne critique.}) (3. a3 $1 {est l'autre alternative, les Blancs
veulent jouer Nc3 sans permettre le clouage.} Bb7 4. Nc3 f5 {empêche
définitivement e2-e4} 5. d5 $1 {ferme la diagonale du Bb7 et met la pression
sur la structure centrale.} Nf6 6. g3 {et nous obtenons l'autre "tabiya" de la
variante.}) 3... Bb7 {Un coup de développement normal mais pas le meilleur
pour punir "l'imprécision" blanche.} (3... Bb4 $1 {est la réaction adéquate.
Les Noirs vont réussir à établir un fort contrôle de la case e4. Bien sûr rien
n'est clair mais le jeu noir me semble plus aisé.}) 4. e4 {Maintenant les
Blancs vont subir une forte pression sur leur centre.} ({Il était encore temps
de jouer} 4. a3) 4... Bb4 5. Bd3 $6 {Voilà la véritable imprécision qui va
mettre les Blancs dans une situation désagréable.} (5. f3 $1 {semble être le
coup approprié. Les Blancs renforcent leur centre et ferment la diagonale du
Bb7} f5 $5 (5... Qh4+ $5 6. g3 Qh5) 6. exf5 Nh6 $5 {mènent à des positions
très complexes.}) 5... f5 $1 6. Qe2 (6. exf5 $2 Bxg2 7. Qh5+ Kf8 $19 {et les
Noirs n'ont pas grand chose à craindre !}) (6. d5 $5 {est une continuation
intéréssante.}) 6... Nf6 {L'ouverture noire est une réussite totale ! Ils ont
développé leurs pièces, sont prêt à roquer et le centre blanc est soumis à une
grosse pression !} 7. Bg5 {Diagramme [#] le seul coup.} (7. f3 Nc6 $1 8. Be3
fxe4 $1 9. fxe4 e5 $1 10. d5 Nd4 $17) 7... fxe4 $1 8. Bxf6 $2 (8. Bxe4 {était
le bon ordre de coup !} Bxe4 9. Bxf6 Qxf6 10. Qxe4 Nc6 11. Nf3 O-O 12. O-O Bxc3
13. bxc3 Qf5 $15 {et la position noire est préférabe grâce à leur meilleure
structure de pions.}) 8... Qxf6 $2 {Une reprise "mécanique"..} (8... exd3 $1 9.
Qh5+ g6 10. Qg5 Be7 $1 11. Bxe7 Qxe7 12. Qxe7+ Kxe7 13. f3 {cette séquence de
coups est forcée et maintenant} Nc6 $1 {donne un gros avantage aux Noirs. Par
exemple} 14. d5 Ne5 15. b3 exd5 16. cxd5 Kd6 $17) 9. Bxe4 Bxe4 $6 (9... Nc6 $1
{était plus fort Les Blancs vont devoir donner leur B ou un pion, concédant
dans tous les cas un bon avantage aux Noirs.}) 10. Qxe4 O-O 11. Nf3 Nc6 12. O-O
Bxc3 13. bxc3 Qf4 {Diagramme [#] Nous obtenons par intervention de coups la
position issue de 8.Bxe4, qui est favorable aux Noirs mais pas autant qu'elle
aurait du (pu) l'être !} 14. Qe2 $6 {Un peu passif.} ({Les Blancs doivent
chercher la dynamique pour compenser leur mauvaise structure.} 14. Rfe1 $1 Qxe4
15. Rxe4 Na5 16. d5 Nb7 17. Rae1 Nc5 18. R4e3 $132 {suivi de Nd4 et les Blancs
maintiennent l'équilibre.}) 14... Rf5 (14... Rae8 $1 {avec l'idée de pousser
e6-e5 pour ouvrir les lignes vers les pions de l'aile-Q était dangereux. Par
exemple.} 15. Rfe1 e5 $1 16. Rad1 $142 (16. dxe5 Nxe5 $1 17. Nxe5 Rf5 $17) (16.
d5 Na5 17. Nd2 Nb7 18. Ne4 Nd6 $1 19. Nxd6 cxd6 $17 {suivi du doublement des R
sur la colonne 'c' donnait aux Noirs un gros avantage.}) 16... Qf5 17. dxe5
Nxe5 18. Nxe5 d6 19. Rd5 Rxe5 20. Rxe5 dxe5 21. Qxe5 Qxe5 22. Rxe5 Rf4 23. c5
Rc4 $15 {/=}) 15. Rae1 (15. Rfe1 $142 Raf8 16. Rad1 $11) 15... Raf8 16. Qc2 Rh5
$36 {Les Noirs ont généré une forte initative sur le roque adverse} 17. Re4 Qh6
$6 (17... Qd6 $1 {menacant ...Rxf3 posait de gros problèmes aux Blancs !} 18.
h3 $6 (18. h4 $142 {est le seul coup mais terriblement affaiblissant !} Ne7 {
avec l'idée Ng6-Nf4.} 19. Ne5 Ng6 $1 20. Nxg6 hxg6 21. Qe2 Qa3 $36) 18... Rxf3
$1 19. gxf3 Rxh3 20. f4 Ne7 $17 {les Noirs ont obtenu une excellente position.
La structure blanche est détruite et ils vont pouvoir s'atteler à attaquer les
pions f4 et c4 tout en gardant un oeil sur le K blanc !}) 18. Qd2 $2 {Une
faute tactique....} (18. Qe2 $1 {était fort et posait la question sur le
placement des pièces noires sur la colonne 'h'} Rxf3 $6 {n'étant plus une
menace à cause de} (18... Rhf5 $142) 19. Qxf3 $1 Rxh2 20. g3 $16 {et il n'y a
plus d'attaque !}) 18... Qf6 $2 {... que les Noirs ne punissent pas !} (18...
Rxh2 $1 $17 {gagnait un pion net !}) 19. Qe2 h6 $6 {Les Noirs n'ont pas été
très précis et commencent à jouer des coups un peu passif !} (19... Ra5 $142
$11) 20. Ne5 $5 {Les Blancs vont gagner une qualité mais permettre au N noir
de trouver une belle case !} Nxe5 21. Qxh5 Nxc4 22. Qe2 b5 {La position forcée.
Maintenant, la question est de savoir si les Blancs peuvent faire usage de
leur qualité et donc d'ouvrir des lignes !} 23. Rd1 $1 {Les Blancs veulent
jouer d4-d5 ou passer la R sur la 3ème rangée pour attaquer l'aile-K.} c6 24.
Rd3 Qe7 $6 {Je n'aime pas ce coup qui place la Q de manière trop passive.} (
24... Qg5 25. Qe1 {pour empêcher la Q noire de s'activer via c1.} Qd5 {voilà
la case de la Q noire !} 26. Rg4 a5 $13) 25. d5 $1 {excellente réaction ! Les
Blancs ouvrent les lignes pour leurs R.} Nd6 $6 (25... cxd5 26. Rxd5 a6 27. Rd3
Rf5 {était mieux bien que les Blancs conservent l'avantage après} 28. a4 $14)
26. Rg4 $6 {pas très précis !} (26. Rb4 $1 cxd5 27. Rxd5 a5 28. Rb1 $16 {
menacant Rbd1 était très pénible pour les Noirs.}) 26... Nb7 $4 {Une grosse
erreur qui perd du matériel.} (26... cxd5 27. Rxd5 Rxf2 $5 {Une ressource
importante qui complique la tâche des Blancs !} (27... a6 {est aussi possible}
28. Rgd4 $6 {et on voit ici le problème du placement de la Rd4 car après} (28.
a4 $16) 28... Nf5 29. Rxd7 {n'est pas possible à cause de} Nxd4 {qui n'est pas
possible si la R blanche est en d1 !}) 28. Kxf2 Qf7+ 29. Qf3 exd5 30. Qxf7+
Kxf7 $16 {et bien qu'avantageuse, les Blancs vont devoir travailler dur pour
gagner cette finale !}) 27. Re3 $2 {que les Blancs ne punissent pas à leur
tour !} (27. dxc6 $1 dxc6 28. Rdg3 Rf7 29. Rg6 $1 Nd8 (29... Kh8 30. Rxe6 Qc5
31. Re8+ Kh7 32. Qd3+ Qf5 33. Qxf5+ Rxf5 34. Re7 $18) 30. Rxh6 $18 {gagne "en
force'.}) 27... cxd5 $1 28. Qxb5 $6 (28. Reg3 Rf7 29. Qxb5 Nd6 30. Qb8+ Kh7 31.
Qxa7 Ne4 $13) 28... Nc5 $6 (28... Nd6 $1 29. Qe2 (29. Qxd5 $6 Nf5 $1 30. Qd3
Nxe3 31. Qxe3 Qa3 $15) 29... Ne4 $1 {et la Rg4 se trouve prise au piège !} 30.
f3 (30. Rf3 Rb8 $1 31. g3 Rb1+ 32. Kg2 Qa3 $13 {et ce sont les Blancs qui sont
en danger !}) 30... h5 $1 31. Rg6 Qf7 32. Rxg7+ Kxg7 33. fxe4 dxe4 34. Rxe4 Qf5
$11) 29. Qb1 $6 {Les deux camps manquent de précisions et l'avantage peut
basculer à tout moment d'un camp à l'autre..} (29. Reg3 $1 Rf7 30. Qb8+ Qf8 (
30... Kh7 $6 31. Rg6 $1 {menace Rxh6 suivi du mat en g8 ou h8 !} Qh4 {le seul
coup.} 32. Rxh6+ (32. f3 $16) 32... Qxh6 33. Rh3 Qxh3 34. gxh3 $16) 31. Qxf8+
Kxf8 $14) 29... Ne4 $1 $13 {Diagramme [#] Les pièces noires ont réussi à
"s'harmoniser" et plus rien n'est clair !} 30. f3 $6 {très affaiblissant !} (
30. Rgxe4 $142 dxe4 31. Qxe4 $11) 30... Qc5 (30... h5 $1 31. Rgxe4 dxe4 32.
Qxe4 Rb8 $36) 31. Qd3 Nf6 $6 {le N sera assez passif sur cette case.} (31... h5
$5 32. Rg6 Nd6 {menace Nf5} 33. Qd4 Qxd4 34. cxd4 Kh7 35. Rg5 Kh6 36. h4 g6 {
et je préfère les chances noires, les pions h4 , d4 et a2 étant de belles
cibles pour les pièces noires !}) 32. Rf4 {et la R aussi !} (32. Rb4 $142 $14)
32... e5 {il est risqué d'affaiblir la masse de pions centraux sans raisons.} (
32... Rb8 $132 {il faut activer les pièces !}) 33. Rf5 $2 {La R est pat sur
cette case !!} (33. Rb4 $14) 33... d6 $15 {...g7-g6 est maintenant une menace
sérieuse !} 34. h3 (34. Kf1 {était le seul coup pour déclouer la Re3 avec
l'idée sur} g6 $6 {de continuer par le fort} (34... Kf7 $15) 35. Rf4 $1 exf4 $4
(35... Kg7 $11) 36. Qxg6+ Kh8 37. Re7 {et les Blancs gagnent !} Qb5+ 38. Kg1
Qb6+ 39. Kh1 $18) 34... Qa3 $6 ({pourquoi pas} 34... g6 {?} 35. Rxf6 (35. Rfxe5
$2 dxe5 36. Qxg6+ Kh8 37. Qxh6+ Nh7 $19) 35... Rxf6 $17 {suivi de Qc4 et les
Noirs ont un bon pion de plus.}) 35. Re2 g6 36. Rxf6 (36. Rfxe5 {et aussi
possible !} dxe5 37. Qxg6+ Kh8 38. Qxh6+ Nh7 39. Rxe5 Qxc3 40. Rxd5 $44) 36...
Rxf6 $6 37. Qxd5+ Kg7 $11 {la fumée s'est dissipée et la position s'est
équilibrée.} 38. Qb3 Qc1+ 39. Kf2 Qf4 $6 {j'avoue ne pas trop avoir compris
l'idée de cette manoeuvre de Q qui est très mal placée en f4.} (39... Rf7 $11)
40. Qb7+ {aide les Noirs à remettre leur R en jeu.} (40. Qb8 $1 Qa4 41. Qc7+
Kg8 42. Qe7 $16 {et les Noirs se retrouvent soudainement en gros danger !})
40... Rf7 41. Qd5 (41. Qc6 $1 Qh4+ 42. Kf1 Qe7 43. Rd2 Rf6 44. Kg1 $14 {et les
pièces noires sont très passives. Les Blancs peuvent continuer par c4-c5 pour
affaiblir la structure noire et s'en prendre au pion e5.}) 41... Qh4+ 42. Kf1
Qe7 43. Re4 h5 (43... Qb7 $1 $11 {égalisait sur le champ !}) 44. Rb4 Qc7 45.
Rc4 Qb8 46. Rc6 Rd7 $6 {trop passif !} (46... Qb1+ 47. Kf2 Qb2+ 48. Kg3 h4+ $1
49. Kh2 Qf2 $11) 47. h4 (47. Kg1 $1 Qb2 (47... Kh7 48. c4 $14) 48. Rxd6 Qc1+
49. Kf2 Qb2+ 50. Kg3 Rxd6 51. Qxd6 Qxc3 52. Qe7+ Kh6 53. Qxa7 {et les Noirs
doivent trouver} e4 $1 {pour annuler.}) 47... Qb7 48. Qc4 $6 {Pourquoi enlever
la Q de cette superbe case !} (48. Kg1 Qb1+ 49. Kh2 Qe1 50. Rc4 $36) 48... d5
$1 {Les Noirs saisissent leur chance et s'activent !} 49. Qc5 $6 (49. Qa6 $142
Qb1+ 50. Kf2 Qf5 $11) 49... Qb1+ 50. Kf2 Qxa2+ $15 {et c'est maintenant les
Noirs qui jouent pour le gain !} 51. Kg3 Qc4 $2 (51... Qa4 $1 52. Rd6 Qf4+ 53.
Kh3 Qf7 $15) 52. Qxc4 dxc4 53. Rxc4 {la finale est égale.} Kf6 54. Rc6+ Kf5 55.
Rc5 Ke6 56. Rc6+ Rd6 57. Rc7 a6 58. c4 Rd4 59. Rc6+ Rd6 60. Rc8 Rd4 61. Rg8 Kf7
62. Ra8 Rxc4 63. Rxa6 Rc3 64. Kf2 Rc2+ 65. Kg1 Rc4 66. Kh2 e4 67. Ra3 1/2-1/2

[Event "Championnat 13"]
[Site "Vitrolles"]
[Date "2013.03.09"]
[Round "8"]
[White "Derien, Robert"]
[Black "Tchifteyan, Philippe"]
[Result "0-1"]
[WhiteElo "1676"]
[BlackElo "1671"]
[Annotator "Gozzoli,Y"]
[PlyCount "118"]
[EventDate "2012.??.??"]
[EventType "swiss"]
[EventRounds "6"]
[EventCountry "FRA"]
[SourceDate "2005.09.12"]

1. e4 c5 2. Nf3 Nc6 3. Bc4 $6 {Il n'est jamais bon d'exposer ce B à l'avance
du pion d7.} (3. Bb5 {est une meilleure option pour éviter la Sicilienne
ouverte.}) 3... e6 $1 {Bonne réaction !} 4. c3 Nf6 $6 ({Pourquoi pas} 4... d5 {
?} 5. exd5 exd5 6. Bb5 Nf6 {Les Noirs ont une position normale et les Blancs
ont perdu un temps avec Bc4-Bb5, et le Nb1 n'a pas un développement facile.})
5. e5 Nd5 6. d4 Nb6 $6 (6... cxd4 $1 7. cxd4 d6 {est normal.}) 7. Bb3 c4 $2 {
Une grosse faute stratégique qui compromet la structure noire. Le Bc8 devient
une très mauvaise pièce.} (7... cxd4 $142 8. cxd4 d6) 8. Bc2 Nd5 $6 (8... d6
$142 {était nécéssaire}) 9. Nbd2 (9. a4 $5 {pour couper le pion c4 du reste du
monde était intéréssant.}) 9... b5 10. Ne4 d6 $6 {Les Noirs doivent jouer pour
f7-f5 et ne pas  échanger le B de cases noires.} (10... f5 $6 {immédiatement
se heurte à} 11. exf6 $1 Nxf6 12. Bg5 Be7 13. Bxf6 Bxf6 14. d5 $1 $40) (10...
Be7 11. O-O (11. Bg5 f6 $1 12. exf6 gxf6 13. Bh6 Qa5 $1 $13) 11... O-O 12. Bg5
f5 13. exf6 gxf6 14. Bh6 Rf7 $14) 11. exd6 Bxd6 12. Nxd6+ Qxd6 13. O-O $16 {
Les Blancs ont obtenu un bon avantage. Ils ont l'espace et la paire de B,
cependant la position noire est solide et le Nd5 est très bien placé. Le vrai
problème pour les Blancs est de trouver une bonne case pour le Bc1.} Bb7 14.
Re1 Nf6 $6 {Il était trop tôt pour bouger ce superbe N.} (14... O-O $142) 15.
Bg5 $1 {Les Blancs saisissent l'occasion et développe leur B en menaçant de
doubler les pions adverses.} Ne7 $1 {Un excellent choix. Les Noirs n'ont pas
peur des pions doublés qui renforceraient leur contrôle du centre (et plus
particulièrement de la case e5) et ouvrirait la colonne 'g' pour leurs pièces
lourdes.} 16. Re5 $6 {pas la case de la R !} (16. Ne5 $142 $16) 16... Ng4 $6 {
Diagramme [#]} (16... Nfd5 $1 {menace f7-f6.} 17. Bd2 (17. Bh4 Ng6 18. Bxg6
hxg6 19. Bg3 O-O 20. Re1 Qe7 $14) 17... O-O {et bien que la position blanche
semble menaçante, les Noirs vont continuer par Ng6 et/ou f7-f6 et restent
solides.}) 17. Be4 $2 (17. Rxb5 $1 {est gagnant mais il fallait voir une super
pointe !} Bxf3 18. Qxf3 Qxh2+ 19. Kf1 Nd5 20. Qxg4 Qh1+ 21. Ke2 Qxa1 22. Qg3 $3
{Une pointe très difficile à voir qui gagne sur le champ !} (22. Qe4 {est
aussi très fort ! La Qa1 est hors-jeu, le K noir coincé au centre.}) 22... O-O
{le seul coup !} (22... Rc8 23. Qd6 $1 {et les Noirs sont impuissants face aux
menaces Rxd5 et Ba4.}) 23. Bh6 g6 24. Qe5 $1 f6 25. Qxe6+ Kh8 26. Rb7 {gagne !}
) 17... Nxe5 18. Bxb7 Nxf3+ 19. Qxf3 Rd8 20. Bxe7 Kxe7 $15 {Les Noirs ont
gagné du matériel mais ne sont pas encore gagnants !} 21. Re1 f6 $6 {Un
affaiblissement inutile.} (21... h5 {pour sortir la Rh8 via h6 était plus
précis.} 22. Re5 b4 $15) 22. Qg4 $6 (22. d5 $1 e5 23. Bc6 Kf7 24. b4 $1 $13 {
avec l'idée d'ouvrir la colonne 'a' par a2-a4 suivi de Ra1 était très
prometteur pour les Blancs. Les Noirs n'ont pas de colonne ouverte pour leurs
R et le Bc6 gênent l'occupation des colonnes 'a' et 'e'.}) 22... g6 23. h4 Kf7
$15 24. h5 $6 {permet aux Noirs d'ouvrir des colonnes pour les R.} Rb8 25. Bf3
a5 (25... Rhe8 {suivi de Kg7 avant d'ouvrir par b5-b4 était plus précis.}) 26.
a3 b4 27. Qe4 bxc3 28. bxc3 Rb3 29. a4 $6 (29. Qe3 $1 Kg7 (29... Rxa3 $2 30.
Qh6 $1 g5 31. Bg4 $13) 30. h6+ Kf7 31. d5 {était une tentative intéréssante de
compliquer le jeu.} e5 $6 (31... Re8 $1) 32. Qa7+ Qe7 33. Qa6 $1 {et rien
n'est clair !}) 29... Rhb8 $1 $19 {Diagramme [#] Les Noirs ont réussi à
mobiliser leurs pièces et s'apprêtent maintenant à échanger une paire de R
pour ensuite gagner un pion blanc à l'aile-Q.} 30. Qe3 Rb1 31. g3 Rxe1+ 32.
Qxe1 Rb3 33. Qe3 g5 $6 (33... Kg7 $19 {était moins affaiblissant.}) 34. h6 $6 (
34. d5 $1 exd5 35. Qa7+ Qe7 36. Bxd5+ Kf8 37. Qxa5 $17) 34... Kg6 35. Be2 Qc6
36. Bf3 Qc8 $6 (36... Qd7 $1 37. Be2 Rb1+ 38. Kh2 Kxh6 39. Bxc4 $4 Qc6 $19) 37.
g4 (37. d5 $1 {compliquait la tâche des Blancs.} exd5 (37... e5 38. Qa7 $1 Rb7
39. Qxa5 Kxh6 40. Kg2 $17 {et les Blancs ont du contre-jeu grâce à leurs deux
pions passés.}) 38. Bxd5 Kxh6 39. Qe7 $17) 37... Kxh6 {Les Noirs sont
complétement gagnants et vont convertir leur avantage.} 38. Be4 Kg7 39. Qh3 Qg8
(39... f5 $1 40. gxf5 exf5 41. Bxf5 Rb1+ $1 42. Kh2 Qb8+ 43. Qg3 (43. Kg2 Qb7+
44. f3 Qb2+ 45. Kg3 Rg1+ $19) 43... Qxg3+ 44. Kxg3 Rb3 $19) 40. Qg3 Qf7 41. Qf3
Ra3 42. Bc6 f5 43. Qe3 Qf6 44. Kg2 fxg4 45. Qd2 h5 46. Qb2 Rb3 47. Qc2 h4 48.
Be4 h3+ {Tout semble aller pour le mieux pour les Noirs qui se dirigent
tranquillement vers la victoire mais...} 49. Kg1 {une fois !} Ra3 (49... Qf4
$19) 50. Qb2 Rb3 51. Qc2 {deux fois !} Qh6 52. Kh2 Qf6 53. Kg1 {Trois fois !
NDLR : 3ème répétition de la position (voir après le 49ème et le 51ème coup
des Blancs) : Les Blancs auraient pu réclamer la nulle en inscrivant leur
53ème coup sur la feuille de partie, mais sans le jouer sur l'échiquier.} Rb8
54. Qe2 Rf8 55. Qc2 g3 56. f3 g4 57. Qd2 gxf3 58. Bxf3 Qxf3 59. Qg5+ Kf7 0-1